Liedtext - Nur noch kurz die Welt retten - Tim Bendzko - Statistiken

Allgemein
  • Dieses Quiz wurde 851 mal gespielt
  • Das Durchschnittsergebnis liegt bei 207 aus 299
Antwortstatistiken
Textquiz % Korrekt
Ich
99%
ich
99%
noch
99%
Noch
99%
Die
98%
die
98%
kurz
98%
Nur
98%
nur
98%
retten
98%
Welt
98%
Da
97%
Muss
95%
muss
95%
dir
94%
zu
90%
Zu
90%
Danach
87%
danach
87%
checken
85%
Mails
85%
bin
80%
so
79%
bei
77%
Und
76%
dann
75%
es
74%
flieg
74%
viel
74%
was
68%
wir
68%
Denn
67%
Du
67%
du
67%
hab'
65%
passiert
65%
Wer
65%
wieder
65%
mir
63%
sie
63%
weiß
63%
gleich
62%
tu
62%
wär'
61%
tun
60%
gern
59%
uns
59%
Doch
58%
mich
58%
nicht
57%
jetzt
56%
ab
55%
ist
55%
148
53%
an
53%
das
53%
spät
53%
später
52%
wird
52%
Lass
50%
'ne
50%
dabei
49%
gewesen
49%
in
49%
weiter
49%
brauchen
48%
mal
48%
mit
48%
reden
48%
Situation
48%
hier
47%
Leben
47%
unterschätzt
47%
vielleicht
47%
davon
46%
draußen
46%
unser
46%
schon
45%
eine
44%
hängt
43%
kannst
43%
dem
42%
bleib'
41%
Für
40%
lange
39%
Zeit
39%
dran
38%
ernst
38%
keine
38%
dazu
37%
dich
37%
Essen
37%
ganz
37%
sag
37%
sind
37%
Fang
36%
fern
36%
los
36%
stoß'
36%
echt
35%
grad
35%
148713
34%
große
34%
allzu
33%
entbehren
33%
Katastrophe
33%
Sonst
33%
wäre
33%
wissen
33%
Angst
32%
ganze
32%
warum
32%
dumm
31%
fragt
31%
Wieso
31%
fragst
30%
gibt's
30%
scheinst
30%
sowas
30%
Weltbevölkerung
30%
weshalb
30%
Not
29%
Schande
29%
warten
29%
Merkst
28%
läuft
27%
besondere
26%
Irgendwie
26%
Mission
26%
Details
25%
Genug
25%
genug
25%
Information
25%
gesagt
24%
verschonen
24%
wohl
19%
Keine übereinstimmenden Quizze gefunden
Verteilung der Resultate
Anzahl Personen mit jedem Resultat
Perzentil nach korrekt beantworteten Fragen
Ihre Resultats-Entwicklung
Sie haben dieses Quiz noch nicht gespielt